| 000 | 00400nam a2200157Ia 4500 | ||
|---|---|---|---|
| 005 | 20240807062100.0 | ||
| 008 | 240806s9999||||xx |||||||||||||| ||eng|| | ||
| 041 | _aeng | ||
| 082 |
_a294.59213 _bLATS |
||
| 100 | _aDr. Bhola Shankarv Vyas | ||
| 245 | 0 |
_aShrout sootram / _cDr. Bhola Shankarv Vyas |
|
| 260 | _bChoukhmbha Vidhya Bhavan Varanashi | ||
| 300 | _a117 | ||
| 650 | _aSanskrit | ||
| 942 | _cBK | ||
| 999 |
_c7869 _d7869 |
||